Sports Quiz

Random Sports or NFL Quiz

#1 Athletes Quiz Stats

 Plays Quiz Updated May 11, 2018

Also try: #2 Athletes
Challenge
Share
Tweet
Score 0/12 Timer 03:00
14 Plays Today
Athlete % Correct
Chris Bosh
91.6%
Cam Newton
91.5%
Derrick Rose
90.2%
Tracy McGrady
81.3%
Penny Hardaway
76.8%
Warren Moon
76.4%
Ozzie Smith
63.2%
Oscar Robertson
61.9%
Billy Martin
32.7%
Roberto Luongo
29.2%
Lou Whitaker
21.8%
Ed Giacomin
8%

You're not logged in!

Compare scores with friends on all Sporcle quizzes.
Join for Free
OR
Log In

You Might Also Like...

Show Comments

Extras

Top Quizzes Today


Score Distribution

Your Account Isn't Verified!

In order to create a playlist on Sporcle, you need to verify the email address you used during registration. Go to your Sporcle Settings to finish the process.

Report this User

Report this user for behavior that violates our Community Guidelines.

Details: